| 000 | 00686nam a22001937a 4500 | ||
|---|---|---|---|
| 003 | NUST - PNEC | ||
| 005 | 20170116181203.0 | ||
| 008 | 160219b xxu||||| |||| 00| 0 eng d | ||
| 020 | _a9788184874150 | ||
| 040 | _cLIBRARY | ||
| 082 | _a517.382 BHA | ||
| 100 |
_916540 _aBhamra, K.S. |
||
| 245 |
_aOrdinary Differential Equations: A Graduate Text _cK.S. Bhamra |
||
| 260 |
_aNew Delhi _bNarosa Publishing House _cc.2015 |
||
| 300 | _a832 p. : | ||
| 650 |
_916541 _aDifferential equations _xMIS |
||
| 856 | _uhttp://www.amazon.com/Ordinary-Differential-Equations-Graduate-Text/dp/8184874154/ref=sr_1_1?s=books&ie=UTF8&qid=1455857525&sr=1-1&keywords=9788184874150 | ||
| 942 |
_2ddc _cBK |
||
| 999 |
_c71542 _d71542 |
||